PARLIAMENT POWERS FUNCTIONS & PRIVILEGES A COMPARATIVE CONSTITUTIONAL PERSPECTIVE (Record no. 10868)

MARC details
000 -LEADER
fixed length control field 00376nam a22001457a 4500
003 - CONTROL NUMBER IDENTIFIER
control field SGT
020 ## - INTERNATIONAL STANDARD BOOK NUMBER
International Standard Book Number 9788180389351
082 ## - DEWEY DECIMAL CLASSIFICATION NUMBER
Classification number 342.052 095 4,CHA
100 ## - MAIN ENTRY--PERSONAL NAME
Personal name CHAUHAN,K.S.
245 ## - TITLE STATEMENT
Title PARLIAMENT POWERS FUNCTIONS & PRIVILEGES A COMPARATIVE CONSTITUTIONAL PERSPECTIVE
260 ## - PUBLICATION, DISTRIBUTION, ETC. (IMPRINT)
Place of publication, distribution, etc GURGAON
Name of publisher, distributor, etc LEXIS NEXIS
Year of Publication 2013
300 ## - PAGE DESCRIPTION
No. of Pages 797
650 ## - SUBJECT ADDED ENTRY--TOPICAL TERM
Topical term or geographic name as entry element PARLIAMENT
942 ## - ADDED ENTRY ELEMENTS (KOHA)
Source of classification or shelving scheme Dewey Decimal Classification
Koha item type Books
Holdings
Withdrawn status Lost status Source of classification or shelving scheme Damaged status Not for loan Collection code Home library Current library Shelving location Date acquired Vendor Name Cost, normal purchase price SGTU Full call number Accession No. (Barcode) Date last seen Bill Date Koha item type
    Dewey Decimal Classification   Not For Loan LAW SGT Science & Social Sciences Library SGT Science & Social Sciences Library Reference Book 09/02/2017 DONATE 1395.00 SGTU 342.052 095 4,CHA FL682 09/02/2017 09/02/2017 Books